Fundamentos de contabilidad financiera (Registro nro. 2103)

Detalles MARC
000 -LEADER
fixed length control field 01285 a2200229 4500
001 - CONTROL NUMBER
control field 30663
005 - DATE AND TIME OF LATEST TRANSACTION
control field 20260407155616.0
008 - FIXED-LENGTH DATA ELEMENTS--GENERAL INFORMATION
fixed length control field 260407a1979 arg spa d
003 - CONTROL NUMBER IDENTIFIER
control field AR-UNSa-BCEJYS
040 ## - CATALOGING SOURCE
Original cataloging agency AR-UNSa-BCEJYS
Language of cataloging spa
Transcribing agency AR-UNSa-BCEJYS
080 ## - UNIVERSAL DECIMAL CLASSIFICATION NUMBER
Universal Decimal Classification number 657.41
Common auxiliary subdivision Contabilidad Financiera
020 ## - INTERNATIONAL STANDARD BOOK NUMBER
International Standard Book Number 968-18-0971-8
100 1# - MAIN ENTRY--PERSONAL NAME
Personal name Calvet Perez, Ricardo
245 10 - TITLE STATEMENT
Title Fundamentos de contabilidad financiera
264 #1 - PRODUCTION, PUBLICATION, DISTRIBUTION, MANUFACTURE, AND COPYRIGHT NOTICE
Place of production, publication, distribution, manufacture México :
Name of producer, publisher, distributor, manufacturer Limusa
Date of production, publication, distribution, manufacture, or copyright notice 1979
300 ## - PHYSICAL DESCRIPTION
Extent 152 p.
Dimensions 23 cm.
505 ## - FORMATTED CONTENTS NOTE
Formatted contents note 1. Naturaleza y usos de los estados financieros - 2. Operaciones e instrumentos básicos de la contabilidad financiera - 3. El ciclo del registro contable - 4. Elaboración de estados financieros a partir de las cuentas - 5. Cuentas por cobrar e ingresos - 6. Inventario y costo de articulos vendidos - 7. Activo fijo y depreciación - 8. Otros activos y otros gastos - 9. Pasivo e intereses - 10. Organización legal de la empresa comercial: la sociedad - 11. Informe de la utilidad y del capital social - 12. Interpretación de los estados financieros - 13. Principios, conceptos y limitaciones de la contabilidad de estados financieros - 14. Impuestos.
590 ## - LOCAL NOTE (RLIN)
Local note niveau_biblio:m niveau_hierar:0
700 1# - ADDED ENTRY--PERSONAL NAME
Personal name Beagle, Chauncey A.
700 1# - ADDED ENTRY--PERSONAL NAME
Personal name Porrogas Ruiz, Luis
942 ## - ADDED ENTRY ELEMENTS (KOHA)
Koha item type
Existencias
Withdrawn status Lost status Damaged status Not for loan Home library Current library Shelving location Date acquired Total checkouts Full call number Barcode Date last seen Price effective from Koha item type
        Biblioteca Prof. Eusebio Cleto del Rey Biblioteca Prof. Eusebio Cleto del Rey   07/04/2026   657.41 B365 L33894 07/04/2026 07/04/2026 Libro